A carregar...
Laser Physics
| Autor principal: | |
|---|---|
| Outros Autores: | |
| Formato: | Printed Book |
| Publicado em: |
Oxford
OUP
|
| Assuntos: |
| LEADER | 00499nam a22001577a 4500 | ||
|---|---|---|---|
| 020 | |a 9780198509628 | ||
| 082 | |a 621.366 |b HOO | ||
| 100 | |a Hooker,Simon | ||
| 245 | |a Laser Physics | ||
| 260 | |a Oxford |b OUP | ||
| 300 | |a xv,586 | ||
| 650 | |a Plancks law |a Broadening mechanisms | ||
| 700 | |a Colin Webb | ||
| 942 | |c BK | ||
| 999 | |c 127414 |d 127410 | ||
| 952 | |0 0 |1 0 |4 0 |6 R_621_366000000000000_HOO |7 0 |8 REF |9 125582 |a SPAP |b SPAP |c REF |d 2017-09-11 |e Current books |g 5443.00 |l 0 |o R621.366 HOO |p SPAP3761 |r 2016-04-13 |w 2017-10-04 |y REF | ||